How to Prepare for the college board achievement test, CBAT math, level II (Record no. 487)

000 -LEADER
fixed length control field 00379 a2200121 4500
020 ## - INTERNATIONAL STANDARD BOOK NUMBER
International Standard Book Number 0812017048
082 ## - DEWEY DECIMAL CLASSIFICATION NUMBER
Classification number 510.76 DOD
100 ## - MAIN ENTRY--PERSONAL NAME
Personal name Dodge, Howard P.
245 ## - TITLE STATEMENT
Title How to Prepare for the college board achievement test, CBAT math, level II
Statement of responsibility, etc. Howard P. Dodge
250 ## - EDITION STATEMENT
Edition statement 5th ed.
260 ## - PUBLICATION, DISTRIBUTION, ETC.
Place of publication, distribution, etc. New York :
Name of publisher, distributor, etc. Barrons Education Center,
Date of publication, distribution, etc. 1994
300 ## - PHYSICAL DESCRIPTION
Extent xii, 242p. :
Other physical details ill ., ;
Dimensions 28 cm
650 ## - SUBJECT ADDED ENTRY--TOPICAL TERM
Topical term or geographic name entry element Mathematics
Holdings
Withdrawn status Lost status Damaged status Not for loan Permanent Location Current Location Shelving location Date acquired Total Checkouts Full call number Barcode Date last seen Price effective from Koha item type
        School of Civil and Environmental Engineering (SCEE) School of Civil and Environmental Engineering (SCEE)       510.76 DOD NIT-4767 01/05/2017 01/05/2017 Book
© 2023 Central Library, National University of Sciences and Technology. All Rights Reserved.